PORTS SÉCURISÉS - Statistiques

Statistiques générales
  • Ce quiz a été pris 11 fois
  • Le résultat moyen est 3 sur 6
Answers on the Grid
Answers color-coded by a green-red scale on the quiz's grid according to % correct below.
22 SSH
4444
3389 RDP
5900 VNC
80 HTTP
21 FTP
23 TELNET
25 SMTP
443 HTTPS
123 NTP
3306 MYSQL
53 DNS
 
Statistiques - réponses
Réponse % Correct
22 SSH
83%
80 HTTP
83%
443 HTTPS
67%
53 DNS
50%
25 SMTP
33%
123 NTP
0%
Aucun quiz correspondant
Distribution des résultats
% des personnes avec chaque résultat
Percentile par nombre de réponses
Votre historique - résultats
Vous n’avez pas pris ce quiz